00913 2200301 4500001002100000005001500021035002000036007000300056008004100059020001800100082001500118084002200133100002500155245007100180260003500251300004200286650004200328650003200370650002500402650001400427650004500441650003400486650002800520650001500548700001700563700001800580990001300598INLIS00000000003872920201207113610 a0010-1220000060ta201207 0 eng a9783319553351 a519.502 85 a519.502 85 HAR b1 aHardle,Wolfgang Karl1 aBasic Elements of Computational Statistics /cWolfgang Karl Hardle aSwitzerland :bSpringer,c2017 axxi,305 halaman :bilustrasi ;c24 cm 4aStatistik matematika--Pemrosesan data 4aR (Bahasa program komputer) 4aStatistik matematika 4aStatistik 4aMathematical statistics--Data processing 4aR (Computer program language) 4aMathematical statistics 4aStatistics1 aOkhrin,Ostap1 aOkhrin,Yarema a20/00546